Statistics for Världens länder

Click here to take the quiz!

General Stats

  • This quiz has been taken 12,447 times
  • The average score is 102 of 196

Answers on the Map

Answers color-coded by a green-red scale on the quiz's map according to % correct below.
Loading ...
 

Answer Stats

Land % Correct
Sverige
95%
Finland
94%
Norge
93%
USA
93%
Danmark
91%
Kanada
91%
Ryssland
90%
Tyskland
90%
Island
89%
Italien
89%
Frankrike
89%
Spanien
89%
Portugal
88%
Kina
87%
Irland
87%
Australien
86%
Estland
85%
Polen
85%
Japan
85%
Brasilien
84%
Indien
84%
Storbritannien
84%
Mexiko
84%
Lettland
83%
Grekland
81%
Litauen
81%
Chile
81%
Argentina
80%
Iran
80%
Irak
79%
Turkiet
79%
Belgien
79%
Vitryssland
79%
Egypten
78%
Sydafrika
78%
Nederländerna
78%
Ukraina
77%
Thailand
76%
Nordkorea
75%
Sydkorea
75%
Österrike
75%
Madagaskar
74%
Kroatien
72%
Slovakien
71%
Peru
71%
Nya Zeeland
70%
Albanien
69%
Indonesien
68%
Rumänien
68%
Colombia
67%
Niger
67%
Kazakstan
66%
Bosnien och
Hercegovina
66%
Slovenien
66%
Tjeckien
65%
Bulgarien
65%
Serbien
65%
Afghanistan
64%
Mongoliet
64%
Schweiz
64%
Marocko
64%
Kuba
64%
Syrien
63%
Vietnam
63%
Somalia
63%
Bolivia
63%
Pakistan
63%
Uruguay
62%
Ungern
62%
Saudiarabien
62%
Kongo-Kinshasa
62%
Kongo-Brazzaville
62%
Venezuela
61%
Israel
61%
Nigeria
60%
Sudan
59%
Paraguay
59%
Algeriet
58%
Kenya
58%
Makedonien
57%
Luxemburg
56%
Jemen
55%
Malta
55%
Cypern
55%
Moldavien
55%
Nepal
54%
Andorra
54%
Etiopien
54%
Tunisien
54%
Kosovo
54%
Panama
53%
Oman
53%
Filippinerna
52%
Libyen
52%
Mali
51%
Montenegro
50%
Tanzania
50%
Uzbekistan
50%
Ecuador
49%
Jamaica
49%
Burma
49%
Sri Lanka
49%
Laos
48%
Bangladesh
47%
Honduras
47%
Haiti
47%
Monaco
47%
Azerbajdzjan
47%
Malaysia
46%
Angola
46%
Turkmenistan
45%
Sydsudan
45%
Vatikanstaten
45%
Eritrea
45%
Georgien
44%
Elfenbenskusten
43%
Costa Rica
43%
Armenien
43%
Liechtenstein
43%
San Marino
42%
Ghana
42%
Qatar
42%
Taiwan
41%
Guatemala
41%
Förenade Arabemiraten
41%
Jordanien
41%
Zambia
40%
Zimbabwe
40%
Guinea
40%
Uganda
39%
Namibia
39%
Senegal
39%
Tchad
39%
Kambodja
39%
El Salvador
39%
Gambia
38%
Dominikanska republiken
38%
Papua Nya Guinea
38%
Nicaragua
38%
Bahamas
38%
Libanon
38%
Togo
37%
Surinam
37%
Botswana
37%
Kirgizistan
36%
Guyana
36%
Bhutan
36%
Belize
35%
Fiji
35%
Rwanda
35%
Liberia
34%
Singapore
34%
Centralafrikanska
republiken
34%
Kamerun
33%
Benin
33%
Tadzjikistan
33%
Kuwait
33%
Maldiverna
32%
Lesotho
31%
Malawi
31%
Mauretanien
31%
Kap Verde
30%
Swaziland
30%
Sierra Leone
28%
Burundi
28%
Djibouti
28%
Gabon
28%
Mauritius
27%
Burkina Faso
27%
Bahrain
26%
Moçambique
26%
Barbados
25%
Brunei
24%
Dominica
24%
Trinidad och Tobago
24%
Guinea-Bissau
24%
Seychellerna
23%
Samoa
21%
Ekvatorialguinea
21%
Östtimor
21%
Saint Lucia
21%
Tuvalu
21%
Tonga
21%
Nauru
20%
São Tomé och
Príncipe
19%
Saint Kitts och Nevis
19%
Kiribati
19%
Vanuatu
19%
Antigua och Barbuda
19%
Mikronesiens federerade
stater
19%
Palau
19%
Saint Vincent och
Grenadinerna
18%
Grenada
18%
Salomonöarna
18%
Marshallöarna
18%
Komorerna
16%

Score Distribution

Percentile by Number Answered

Percent of People with Each Score

Your Score History

You have not taken this quiz